| 000 | 00778nam a2200301Ia 4500 | ||
|---|---|---|---|
| 008 | 160803s9999 xx 000 0 und d | ||
| 020 | _a9780439523592 | ||
| 100 | _aRylant, Cynthia | ||
| 245 | _aMissing May / | ||
| 245 | _cby Cynthia Rylant. | ||
| 260 | _aNew York : | ||
| 260 | _bScholastic Inc. | ||
| 260 | _c1992 | ||
| 300 | _a89 pages ; | ||
| 300 | _c19 cm | ||
| 500 | _aReprint: Originally published: New York : Orchard Books, ©1992. | ||
| 650 | _aAunts -- | ||
| 650 | _aDeath -- | ||
| 650 | _aGrief -- | ||
| 650 | _aMediums -- | ||
| 650 | _aWest Virginia -- | ||
| 650 | _xJuvenile fiction. | ||
| 650 | _xJuvenile fiction. | ||
| 650 | _xJuvenile fiction. | ||
| 650 | _xJuvenile fiction. | ||
| 650 | _xJuvenile fiction. | ||
| 700 | _a980 | ||
| 999 |
_c298745 _d298745 |
||